000 01067nam a2200313 a 4500
001 25026
003 CO-ViMGA
008 141112s2004 ck r 000 u spa d
020 _a9789589159644
040 _aCO-ViMGA
_bspa
_cCO-ViMGA
041 _aSPA
090 _aA APP1
100 1 _aAppelt, Kathi
_938071
245 1 0 _aSiempre pienso en ti /
_ctexto de Kathi Appelt ; ilustraciones de Jane Dyer ; traducción de Rosa Roig
250 _a3a ed.
260 _aBogotá :
_bJuventud,
_c2012
300 _a28 p. : il. col. : il.
650 1 4 _aAMOR - LIBROS DE IMAGENES
_938072
650 1 4 _aAUTORES ESTADOUNIDENSES - SIGLO XX
_92350
650 1 4 _aDESDE LOS 18 MESES
_938073
650 1 4 _aILUSTRADORES ESTADOUNIDENSES
_938074
650 1 4 _aLITERATURA INFANTIL ESTADOUNIDENSE
_9717
650 1 4 _aRELACION MADRE - HIJOS - LIBROS DE IMAGENES
_938075
650 1 4 _aRELACIONES FAMILIARES - LIBROS DE IMAGENES
_938076
650 1 4 _aVIDA ESCOLAR - LIBROS DE IMAGENES
_938077
700 1 _aDyer, Jane
_938078
700 1 _aRoig, Rosa
_938079
942 _2ddc
_cBK
999 _c2491
_d2491